01005nab a22002177a 4500999001500000003000400015005001700019008004100036040000700077100002900084245012400113260007200237300001300309500003800322505012900360505008900489650002600578650002600604773014400630942001300774 c5713d5713OSt20251230235243.0190605e xxu||||| |||| 00| 0 spa d cPJ 95129aSfeir, Santiago L.13aLa facultad de control médico del art. 210 LCT y las dificultades a la hora de su aplicación / cSantiago L. Sfeir. aCiudad Autónoma de Buenos Aires :bThomson Reuters La Ley,c2024. ap. 81-84 aCita: TR LALEY AR/DOC/2040/2024  aSumario: I. Introducción.— II. La figura del control médico y las potestades de las partes.— III. Palabras finales.  t¿Te interesa el texto completo? Solicitalo al correo: koha@justierradelfuego.gov.ar 091316aDERECHO LABORAL 091391aREFORMA LABORAL0 0271193168dCiudad Autónoma de Buenos Aires : Thomson Reuters La Ley, 1999-2002.tRevista de derecho del trabajo. Nº 5 - Septiembre 2024 2udccANA